Statystyki dla Piłka nożna quiz #6 - Herby piłkarskie [poziom trudny]

Kliknij tutaj aby rozwiązać quiz!

Ogólne statystyki

  • Ten quiz został rozwiązany 508 razy
    (373 od ostatniego zresetowania)
  • Średni wynik to 10 z 16

Statystyki odpowiedzi

Odpowiedź% Poprawnych
Celta Vigo
93%
SC Braga
92%
Granada CF
88%
RCD Mallorca
88%
Motor Lublin
87%
FC Basel
86%
KKS 1925 Kalisz
77%
SK Slavia Praga
68%
Dinamo Moskwa
60%
Standard Liège
45%
Rio Ave FC
44%
SpVgg Greuther Fürth
41%
FC Zürich
37%
Royal Charleroi SC
24%
FC Nordsjælland
18%
Dundee F.C.
17%

Rozkład punktacji

Percentyl według liczby udzielonych odpowiedzi

Procent ludzi z każdym wynikiem

Twoja historia wyników

Nie rozwiązałeś tego quizu od ostatniego zresetowania